Věstník Úřadu pro normalizaci a měření

Bibliographic Details
New Title:Věstník Federálního úřadu pro normalizaci a měření
Previous Title:Věstník Úřadu pro normalizaci
Format: Journal
Language:Czech
PhysicalDescription:zv. 35 cm
Published: Praha Úřad pro normalizaci a měření 1963-1992
ISSN:1210-2857
Subjects:

MARC

LEADER 00000cas a2200000 a 4500
001 vtls008884074
003 SK-MaSNL
005 20260228162229.0
008 021213d19631992xr mr p|r 0 0 b0czeoc
035 |a (SVKBB03)vtls000144590 
040 |a SVKBB  |b slo  |c SVKBB  |d SNK  |e AACR2 
041 0 |a cze 
044 |a xr  |c CZ 
072 7 |a 006  |x Metrológia. Štandardizácia  |2 konspekt 
080 |a 006.91  |2 2011 
080 |a 006  |2 2011 
080 |a 050  |2 2011 
245 0 0 |a Věstník Úřadu pro normalizaci a měření 
260 |a Praha  |b Úřad pro normalizaci a měření  |c 1963-1992 
300 |a zv.  |c 35 cm 
310 |a 1x mesačne 
362 0 |a 1963-1992 
650 0 7 |a metrológia  |2 SNKPH  |9 940 
650 0 7 |a štandardizácia a normalizácia  |2 SNKPH  |9 75629 
655 7 |a vestníky  |2 SNKPH  |9 70701 
780 0 0 |t Věstník Úřadu pro normalizaci 
785 0 0 |t Věstník Federálního úřadu pro normalizaci a měření  |x 1210-2857 
910 |a snk 
999 |c 7210  |d 9140 
952 |0 0  |1 1  |4 0  |7 0  |a SNK  |b SNK  |d 1997-03-05  |l 0  |o snkČB 2522/1990  |p 17A0053963  |r 2005-01-02 00:00:00  |t č. 4-12  |w 2026-02-21  |y PREZ 
952 |0 0  |1 1  |4 0  |7 0  |a SNK  |b SNK  |d 1997-03-05  |l 0  |o snkČB 2522/1992  |p 17A0053996  |r 2005-01-02 00:00:00  |t č. 1-11  |w 2026-02-21  |y PREZ 
952 |0 0  |1 1  |4 0  |7 0  |a SNK  |b SNK  |d 1997-03-05  |l 0  |o snkČB 2522/1991  |p 17A0053997  |r 2005-01-02 00:00:00  |t č. 1-12  |w 2026-02-21  |y PREZ 
952 |0 0  |1 1  |4 0  |7 0  |a SNK  |b SNK  |d 1997-05-20  |l 0  |o snkČB 2522/1988  |p 17A0067657  |r 2005-01-02 00:00:00  |t č. 1-12  |w 2026-02-21  |y PREZ 
952 |0 0  |1 1  |4 0  |7 0  |a SNK  |b SNK  |d 1998-01-09  |l 0  |o snkČB 2522/1983  |p 17A0115205  |r 2005-01-02 00:00:00  |w 2026-02-21  |y PREZ 
952 |0 0  |1 1  |4 0  |7 0  |a SNK  |b SNK  |d 1998-01-09  |l 0  |o snkČB 2522/1979  |p 17A0115060  |r 2005-01-02 00:00:00  |w 2026-02-21  |y PREZ 
952 |0 0  |1 1  |4 0  |7 0  |a SNK  |b SNK  |d 1998-01-09  |l 0  |o snkČB 2522/1987  |p 17A0114448  |r 2005-01-02 00:00:00  |w 2026-02-21  |y PREZ 
952 |0 0  |1 1  |4 0  |7 0  |a SNK  |b SNK  |d 1998-01-08  |l 0  |o snkČB 2522/1972  |p 17A0115179  |r 2005-01-02 00:00:00  |t č. 1-12  |w 2026-02-21  |y PREZ 
952 |0 0  |1 1  |4 0  |7 0  |a SNK  |b SNK  |d 1998-01-08  |i snkČSP 358/64  |l 0  |o snkČB 2522/1962  |p 17A0390194  |r 2005-01-02 00:00:00  |t č. 1-12  |w 2026-02-21  |y PREZ 
952 |0 0  |1 1  |4 0  |7 0  |a SNK  |b SNK  |d 1998-01-08  |l 0  |o snkČB 2522/1969  |p 17A0115078  |r 2005-01-02 00:00:00  |t č. 1-12  |w 2026-02-21  |y PREZ 
952 |0 0  |1 1  |4 0  |7 0  |a SNK  |b SNK  |d 1998-01-13  |l 0  |o snkČB 2522/1982  |p 17A0117113  |r 2005-01-02 00:00:00  |t č. 1-12  |w 2026-02-21  |y PREZ 
952 |0 0  |1 1  |4 0  |7 0  |a SNK  |b SNK  |d 1998-01-13  |l 0  |o snkČB 2522/1985  |p 17A0117121  |r 2005-01-02 00:00:00  |t č. 1-12  |w 2026-02-21  |y PREZ 
952 |0 0  |1 1  |4 0  |7 0  |a SNK  |b SNK  |d 1998-01-09  |l 0  |o snkČB 2522/1973  |p 17A0114546  |r 2005-01-02 00:00:00  |w 2026-02-21  |y PREZ 
952 |0 0  |1 1  |4 0  |7 0  |a SNK  |b SNK  |d 1998-01-27  |l 0  |o snkČB 2522/1976  |p 17A0120769  |r 2005-01-02 00:00:00  |t č. 1-12  |w 2026-02-21  |y PREZ 
952 |0 0  |1 1  |4 0  |7 0  |a SNK  |b SNK  |d 1998-01-27  |l 0  |o snkČB 2522/1975  |p 17A0120770  |r 2005-01-02 00:00:00  |t č. 1-12  |w 2026-02-21  |y PREZ 
952 |0 0  |1 1  |4 0  |7 0  |a SNK  |b SNK  |d 1998-02-23  |l 0  |o snkČB 2522/1961  |p 17A0124357  |r 2005-01-02 00:00:00  |w 2026-02-21  |y PREZ 
952 |0 0  |1 1  |4 0  |7 0  |a SNK  |b SNK  |d 1998-02-23  |l 0  |o snkČB 2522/1967  |p 17A0126961  |r 2005-01-02 00:00:00  |t č. 1-12  |w 2026-02-21  |y PREZ 
952 |0 0  |1 1  |4 0  |7 0  |a SNK  |b SNK  |d 1998-03-27  |l 0  |o snkČB 2522/1959  |p 17A0131287  |r 2005-01-02 00:00:00  |t č. 1-3  |w 2026-02-21  |y PREZ 
952 |0 0  |1 1  |4 0  |7 0  |a SNK  |b SNK  |d 1998-04-06  |l 0  |o snkČB 2522/1958  |p 17A0132544  |r 2005-01-02 00:00:00  |t č. 1-12  |w 2026-02-21  |y PREZ 
952 |0 0  |1 1  |4 0  |7 0  |a SNK  |b SNK  |d 1999-08-10  |l 0  |o snkČB 2522/1964  |p 17A0206969  |r 2005-01-02 00:00:00  |t č. 1-12  |w 2026-02-21  |y PREZ 
952 |0 0  |1 1  |4 0  |7 0  |a SNK  |b SNK  |d 1999-08-10  |l 0  |o snkČB 2522/7/1963  |p 17A0206977  |r 2005-01-02 00:00:00  |t č. 1-12  |w 2026-02-21  |y PREZ 
952 |0 0  |1 1  |4 0  |7 0  |a SNK  |b SNK  |d 1999-08-13  |l 0  |o snkČB 2522/1984  |p 17A0206986  |r 2005-01-02 00:00:00  |t č. 1-12  |w 2026-02-21  |y PREZ 
952 |0 0  |1 1  |4 0  |7 0  |a SNK  |b SNK  |d 1999-08-13  |l 0  |o snkČB 2522/1971  |p 17A0206425  |r 2005-01-02 00:00:00  |t č. 1-12  |w 2026-02-21  |y PREZ 
952 |0 0  |1 1  |4 0  |7 0  |a SNK  |b SNK  |d 1999-08-10  |l 0  |o snkČB 2522/1968  |p 17A0206623  |r 2005-01-02 00:00:00  |t č. 1-12  |w 2026-02-21  |y PREZ 
952 |0 0  |1 1  |4 0  |7 0  |a SNK  |b SNK  |d 1999-08-27  |l 0  |o snkČB 2522/1989  |p 17A0207882  |r 2005-01-02 00:00:00  |t č. 1-12  |w 2026-02-21  |y PREZ